| 000 | 00527nam a2200193Ia 4500 | ||
|---|---|---|---|
| 003 | GCL | ||
| 008 | 140319s9999 xx 000 0 ara d | ||
| 020 | _a145509977 | ||
| 040 |
_aGCL / _cGCL |
||
| 082 | 0 | 4 |
_aط _b813.02 _bا ا |
| 100 | 1 | _aعصام حمزة | |
| 245 | 1 | 0 |
_aاصدقائى / _cعصام حمزة |
| 700 | 1 | _aاوتا، دايهاتشى | |
| 250 | _aالاولى | ||
| 260 |
_aالقاهرة : _bدار الشروق ، _c2006 |
||
| 300 |
_a ؛ _c24 سم |
||
| 650 | 0 | 4 | _aقصص الاطفال |
| 942 |
_2ddc _cBK |
||
| 999 |
_c8901 _d8901 |
||